UBT Library

A manager's guide to globalization : (Record no. 44241)

000 -LEADER
fixed length control field 00743cam a2200229 a 4500
001 - CONTROL NUMBER
control field 2562432
005 - DATE AND TIME OF LATEST TRANSACTION
control field 20180307032412.0
008 - FIXED-LENGTH DATA ELEMENTS--GENERAL INFORMATION
fixed length control field 951018s1996 ilua b 001 0 eng
010 ## - LIBRARY OF CONGRESS CONTROL NUMBER
LC control number 95045171
020 ## - INTERNATIONAL STANDARD BOOK NUMBER
International Standard Book Number 0786305452
040 ## - CATALOGING SOURCE
Original cataloging agency DLC
Transcribing agency DLC
Modifying agency DLC
041 ## - LANGUAGE CODE
Language code of text/sound track or separate title eng
080 ## - UNIVERSAL DECIMAL CLASSIFICATION NUMBER
Universal Decimal Classification number 658.049 RHI
082 00 - DEWEY DECIMAL CLASSIFICATION NUMBER
Classification number 658.049 RHI
Edition number 20
100 1# - Rafti
Rafti 59
101 ## - Shkurtesa
Shkurtesa GLO
245 12 - TITLE STATEMENT
Title A manager's guide to globalization :
Statement of responsibility, etc Stephen H. Rhinesmith.
504 ## - BIBLIOGRAPHY, ETC. NOTE
Bibliography, etc Includes bibliographical references and index.
906 ## - LOCAL DATA ELEMENT F, LDF (RLIN)
a 7
b cbc
c orignew
d 1
e ocip
f 19
g y-gencatlg
942 ## - ADDED ENTRY ELEMENTS (KOHA)
Source of classification or shelving scheme
Item type Books
Holdings
Withdrawn status Lost status Source of classification or shelving scheme Damaged status Not for loan Collection code Permanent location Current location Shelving location Date acquired Total Checkouts Full call number Barcode Date last seen Price effective from Koha item type
          Koleksioni i përgjithshem UBT - Lipjan UBT - Lipjan Koleksioni i përgjithshem 03/07/2018   658.049 RHI 002-3000977 03/07/2018 03/07/2018 Books
UBT Library © 2015-2024. All rights reserved University Education for Business and Technology